| 000 | 00662nam a2200145Ia 4500 | ||
|---|---|---|---|
| 008 | 170221s9999 xx 000 0 und d | ||
| 100 | _aDesalegn Abraha | ||
| 245 | 4 | _aThe effect of cosmopolitanism, national identity and ethnocentrism on Swedish purchase behavior | |
| 245 | _cDesalegn Abraha, University of Skövde, Sweden; Anita Radón, University of Borås, Sweden; Malin Sundström, University of Borås, Sweden; James Reardon, Monfort College of Business, Greeley Colorado. | ||
| 260 | _bJournal of Management and Marketing Research | ||
| 260 | _c2012 | ||
| 300 | _a12 : 1 | ||
| 650 | _xBusiness | ||
| 856 | _uhttp://www.aabri.com/manuscripts/152146.pdf | ||
| 999 |
_c311683 _d311683 |
||